00334nam a2200145Ia 4500008004100000020001500041041001200056082001600068100001400084245003300098250000800131260002500139300000800164650001600172221030s9999 xx 000 0 und d a8120315223 aEnglish a105.23bJui aP. Juliff 0aProgram Designcby P. Juliff a4th bPHIaNew Delhic2000 a352 aBE Computer